Normal view
MARC view
Entry Personal Name
001 - CONTROL NUMBER
- control field: 6911
003 - CONTROL NUMBER IDENTIFIER
- control field: OSt
005 - DATE AND TIME OF LATEST TRANSACTION
- control field: 20130223112204.0
008 - FIXED-LENGTH DATA ELEMENTS
- fixed length control field: 130223|||a|||||| | ||| d
040 ## - CATALOGING SOURCE
- Original cataloging agency: OSt
- Transcribing agency: OSt
100 ## - HEADING--PERSONAL NAME
- Personal name: Garner
670 ## - SOURCE DATA FOUND
- Source citation: Work cat.: (OSt): Garner, Garner's Environmental Law 1 : , 2012
